Výskum základných tendencií rozvoja podnikateľskej sféry PPoK v novom hospodárskom mechanizme Záverečná správa vecnej etapy hlavnej úlohy. SPEV 902529512

Uložené v:
Podrobná bibliografia
Hlavný autor: Blaas, Gejza
Médium: Kniha
Jazyk:Slovak
Vydavateľské údaje: Bratislava Výskumný ústav ekonomiky poľnohospodárstva a potravinárstva 1989
Tagy: Pridať tag
Žiadne tagy, Buďte prvý, kto otaguje tento záznam!

MARC

LEADER 00000nam a2200000 4500
001 c026655
005 20221215071909.3
041 0 |a slo 
044 |a SK 
245 1 0 |a Výskum základných tendencií rozvoja podnikateľskej sféry PPoK v novom hospodárskom mechanizme  |b Záverečná správa vecnej etapy hlavnej úlohy. SPEV 902529512  |c Gejza Blaas 
264 1 |a Bratislava  |b Výskumný ústav ekonomiky poľnohospodárstva a potravinárstva  |c 1989 
300 |a 60 s. 
100 1 |a Blaas, Gejza